00535cam a2200181 a 450000100100000000500170001000800410002704000230006808200190009110000260011024500440013626000520018030000210023249000230025365000260027665000280030283000230033000000599620200929151857.0840522s1983 nq 001 0 spa  aDO-SdBNPcDLCdDLC aN861.44bC198p1 aCampos, Ahmed,d1956-10aLes prometo no morirme /cAhmed Campos. aManagua, (Nicaragua) :bNueva Nicaragua,c1983. a100 p. ;c19 cm.1 aCuarto aniversario 4aPoesìa nicaraguense 4aLiteratura nicaraguense 0aCuarto aniversario